MARC details
| 000 -CABECERA |
| campo de control de longitud fija |
02634nam a22004094i 4500 |
| 001 - NÚMERO DE CONTROL |
| campo de control |
991061739572506706 |
| 003 - IDENTIFICADOR DEL NÚMERO DE CONTROL |
| campo de control |
ES-BaIT |
| 005 - FECHA Y HORA DE LA ÚLTIMA TRANSACCIÓN |
| campo de control |
20260402075750.0 |
| 008 - DATOS DE LONGITUD FIJA--INFORMACIÓN GENERAL |
| campo de control de longitud fija |
960922s17591785sp 000 d spa c |
| 026 ## - IDENTIFICADOR DE HUELLA DIGITAL |
| Huella digital no analizada |
roa- hoo. o?do Bame 3 [entre 1759 i 1785] Q |
| Fuente |
fei |
| 040 ## - FUENTE DE LA CATALOGACIÓN |
| Centro catalogador/agencia de origen |
ES-BaIT |
| Lengua de catalogación |
cat |
| Normas de descripción |
rda |
| Centro/agencia transcriptor |
ES-BaIT |
| 080 ## - NÚMERO DE LA CLASIFICACIÓN DECIMAL UNIVERSAL |
| Número de la Clasificación Decimal Universal |
860-2"17" |
| 100 1# - ENTRADA PRINCIPAL--NOMBRE DE PERSONA |
| Nombre de persona |
Ripoll Fernández de Urueña, Domingo María de, |
| Fechas asociadas al nombre |
-1775 |
| Término indicativo de función/relación |
autor |
| 9 (RLIN) |
169200 |
| 245 10 - MENCIÓN DE TÍTULO |
| Título |
Saynete que parece nuevo : |
| Resto del título |
Llamenle como quieren, Tomenle por donde quieran, Que aunque tiene muchos pies, No le encontraràn cabeza / |
| Mención de responsabilidad, etc. |
escrito por quien està mal con su juicio, y opinión, pues el modo de perder uno, y otro, es el hacer coplas. Sacale à luz, para que mejor se vean sus defectos, don Domingo Maria de Ripoll |
| 246 3# - FORMA VARIANTE DE TÍTULO |
| Título propio/Titulo breve |
Sainete que parece nuevo |
| 264 #1 - PRODUCCIÓN, PUBLICACIÓN, DISTRIBUCIÓN, FABRICACIÓN Y COPYRIGHT |
| Producción, publicación, distribución, fabricación y copyright |
Con licencia. En Madrid : |
| Nombre del de productor, editor, distribuidor, fabricante |
En la imprenta de Manuel Martin, calle de la Cruz. Se hallarà por el dinero en la Libreria de D. Lorenzo Cardama, frente de Sto. Thomàs ; en la de Antonio Castillo, frente San Phelipe, y en el puesto que tiene en sus gradas; y en la de Tedro Texero, junto à San Sebastian, |
| Fecha de producción, publicación, distribución, fabricación o copyright |
[entre 1759 i 1785] |
| 300 ## - DESCRIPCIÓN FÍSICA |
| Extensión |
[8], 16 pàgines ; |
| Dimensiones |
8º (14 cm) |
| 336 ## - TIPO DE CONTENIDO |
| Término de tipo de contenido |
text |
| Código de tipo de contenido |
txt |
| Fuente |
rdacontent |
| 337 ## - TIPO DE MEDIO |
| Nombre/término del tipo de medio |
sense mediació |
| Código del tipo de medio |
n |
| Fuente |
rdamedia |
| 338 ## - TIPO DE SOPORTE |
| Nombre/término del tipo de soporte |
volum |
| Código del tipo de soporte |
nc |
| Fuente |
rdacarrier |
| 500 ## - NOTA GENERAL |
| Nota general |
Inclou repartiment |
| 500 ## - NOTA GENERAL |
| Nota general |
Data deduïda de l’època d’activitat de l’impressor |
| 500 ## - NOTA GENERAL |
| Nota general |
Signatures: [calderó] 4, A8 |
| 530 ## - NOTA DISPONIBLE DE FORMULARIO FÍSICO ADICIONAL |
| Nota de formato físico adicional disponible |
Reproducció digital disponible a Biblioescènic |
| 593 ## - Camps col·lecció exemplar |
| Signatura topogràfica i/o núm. de registre |
VIT-059/04 |
| Notes |
Enquadernació holandesa amb puntes, en color blau, guardes marbrejades. Exemplar guillotinat. Etiqueta d'antic topogràfic Vitrina A Estante 2 en full de guarda volant anterior. Relligat en volum factici, títol al llom: Entremeses raros VI |
| Història de l’exemplar. Procedència |
Ex-libris de la Colección teatral Arturo Sedó a la contracoberta anterior. Segell de la Colección teatral Arturo Sedó a portada. Llistat manuscrit al full de guarda anterior de les obres que conté el volum |
| Digitalització |
Exemplar digitalitzat per Crossland, 2022 |
| Nom de la col·lecció especial |
Artur Sedó |
| 650 #0 - PUNTO DE ACCESO ADICIONAL DE MATERIA--TÉRMINO DE MATERIA |
| Término de materia o nombre geográfico como elemento de entrada |
Sainets castellans |
| Subdivisión cronológica |
S. XVIII |
| Subdivisión de forma |
Textos dramàtics |
| 9 (RLIN) |
158732 |
| 700 1# - ENTRADA AGREGADA--NOMBRE PERSONAL |
| Nombre de persona |
Martín, Manuel José, |
| Fechas asociadas al nombre |
actiu 1759-1785 |
| Término indicativo de función/relación |
impressor |
| 9 (RLIN) |
169201 |
| 730 0# - ENTRADA AGREGADA--TÍTULO UNIFORME |
| Título uniforme |
Col·lecció digital Biblioescènic del MAE |
| 9 (RLIN) |
69172 |
| 752 ## - ENTRADA AGREGADA--NOMBRE JERÁRQUICO DEL LUGAR |
| País o entidad superior |
Espanya |
| Ciudad |
Madrid |
| 856 41 - LOCALIZACIÓN Y ACCESO ELECTRÓNICOS |
| Nota pública |
Accés lliure (Biblioescènic) |
| Identificador Uniforme del Recurso |
<a href="https://books.cdmae.cat/visorpdf/?recurs=SV0059-04">https://books.cdmae.cat/visorpdf/?recurs=SV0059-04</a> |
| 856 42 - LOCALIZACIÓN Y ACCESO ELECTRÓNICOS |
| Nota pública |
Fitxa del catàleg manual |
| Identificador Uniforme del Recurso |
<a href="https://www.cdmae.cat/sedo/imgtitulos/062/P0000421.gif">https://www.cdmae.cat/sedo/imgtitulos/062/P0000421.gif</a> |
| 902 ## - ELEMENTOS DE DATOS B LOCAL, LDB (RLIN) |
| a |
Fons antic |
| 902 ## - ELEMENTOS DE DATOS B LOCAL, LDB (RLIN) |
| a |
Patrimoni |
| 908 ## - COLOCAR PARÁMETRO DE COMANDO (RLIN) |
| Colocar parámetro de comando |
CDMAE |
| 940 ## - EQUIVALENCIA O REFERENCIA-CRUZADA--TÍTULO UNIFORME [OBSOLETO] [solamente CAN/MARC] |
| Título uniforme |
<a href="CDMAE">CDMAE</a> |
| 942 ## - ELEMENTOS DE ENTRADA AGREGADA (KOHA) |
| Fuente del sistema de clasificación o colocación |
Clasificación decimal universal |
| Tipo de ítem Koha |
Digital |